| 000 | 00385nam a2200145Ia 4500 | ||
|---|---|---|---|
| 008 | 240729s9999 xx 000 0 und d | ||
| 022 | _a2000-1967 | ||
| 245 | 0 | _aUpsala Journal of Medical Sciences | |
| 260 | _aSweden | ||
| 260 | _bUpsala Medical Society | ||
| 650 | _aMedicine | ||
| 856 | _uhttps://doaj.org/toc/40998af58fc8461eab8872593b6231a8 | ||
| 942 | _2ddc | ||
| 942 | _cDOAJEJ | ||
| 999 |
_c69202 _d69202 |
||
| 945 |
_a1 _bMadushi Gamage _c1 _dMadushi Gamage |
||